Physical Features in Southern Africa - Extreme - Statistics

General Stats
  • This quiz has been taken 59 times
    37 since last reset
  • The average score is 8 of 37
Answer Stats
Clue Answer % Correct
Major deserts in South Africa Kalahari
78%
Largest lakes in Malawi Malawi
74%
Largest islands in Tanzania Zanzibar
74%
Main mountain range in South Africa Drakensburg
70%
Mountain near Cape Town Table
67%
Largest islands in Mauritius Mauritius
59%
Rivers forming the Caprivi Strip Zambezi
56%
Largest islands in Madagascar Madagascar
48%
Pemba
41%
Valley streching from Mozambique to Yemen Great Rift Valley
30%
Largest islands in the Seychelles Mahe
26%
Salt pan in Namibia Etosha
19%
Bay near Cape Town False
19%
Karoo
19%
Largest islands in the Comoros Grand Comore
15%
Mafia
11%
Largest island in Mozambique Mozambique
11%
Nosy Be
11%
Praslin
11%
Rodrigues
11%
Ruwenzori
11%
Longest River in CAR Ubangi
11%
''Pool" near Kinshasa Malebo
7%
Moheli
7%
Virunga
7%
Luanda's bay Bengo
4%
Bie
4%
Chilwa
4%
Chobe
4%
Luanda's river Cuanza
4%
Huila
4%
Plateaus in Angola Katanga
4%
Mountain ranges in the DRC Mitumba
4%
Mountain range in Zambia Muchinga
4%
Nosy Boraha
4%
Nzwani
4%
Ukerewe
4%
No matching quizzes found
Score Distribution
Percent of People with Each Score
Percentile by Number Answered
Your Score History
You have not taken this quiz since the last reset